[Event "FRA-chT4 0203"]
[Site "Champagne Ardenne"]
[Date "2003.03.22"]
[Round "5"]
[White "Jeannette, Venceslas"]
[Black "Bourdens, Alain"]
[Result "1-0"]
[WhiteElo "2000"]
[BlackElo "1640"]
[PlyCount "25"]
[EventDate "2002.10.02"]
[EventType "team"]
[EventRounds "7"]
[EventCountry "FRA"]
[SourceTitle "EXT 2005"]
[Source "ChessBase"]
[SourceDate "2004.11.15"]
[SourceVersion "1"]
[SourceVersionDate "2004.11.15"]
[SourceQuality "1"]

1. e4 e6 2. d4 d5 3. exd5 exd5 4. c4 Nf6 5. Nc3 Bb4 6. Bd3 Nc6 7. Nge2 Ne7 8. 0-0 Bxc3 9. bxc3 Be6 10. Nf4 Bg4 11. Qb3 Bc8 12. Ba3 c6 13. Rfe1 1-0

[Event "FRA-chT4 0102"]
[Site "Champagne Ardenne"]
[Date "2002.02.03"]
[Round "5"]
[White "Jeannette, Venceslas"]
[Black "Durant, Christophe"]
[Result "1-0"]
[WhiteElo "1880"]
[BlackElo "1860"]
[PlyCount "97"]
[EventDate "2002.10.??"]
[EventType "team"]
[EventRounds "7"]
[EventCountry "FRA"]
[SourceTitle "EXT 2005"]
[Source "ChessBase"]
[SourceDate "2004.11.15"]
[SourceVersion "1"]
[SourceVersionDate "2004.11.15"]
[SourceQuality "1"]

1. e4 d6 2. d4 Nf6 3. Nc3 g6 4. f4 Bg7 5. Nf3 Bg4 6. h3 Bxf3 7. Qxf3 c6 8. Bd3 Qa5 9. Be3 Na6 10. a3 Nb4 11. 0-0 Nxd3 12. cxd3 0-0 13. e5 Nd5 14. b4 Qa6 15. b5 Qb6 16. Nxd5 cxd5 17. a4 e6 18. Rfb1 Rfc8 19. a5 Qd8 20. Bd2 Rc2 21. Bb4 Bf8 22. Qd1 Rac8 23. Bc5 Rxg2+ 24. Kxg2 dxc5 25. dxc5 Rxc5 26. a6 b6 27. d4 Rc4 28. Rc1 Bh6 29. Rxc4 dxc4 30. d5 Bxf4 31. dxe6 Qg5+ 32. Qg4 Qxe5 33. exf7+ Kxf7 34. Rf1 Qe4+ 35. Qf3 Qxf3+ 36. Rxf3 g5 37. Rc3 Ke7 38. Rxc4 Kd7 39. Rc6 Bd6 40. Kf3 h5 41. Rxb6 g4+ 42. hxg4 hxg4+ 43. Kxg4 Bc5 44. Rc6 Bg1 45. Kf5 Bf2 46. Ke5 Bg3+ 47. Kd5 Bb8 48. Rg6 Kc7 49. Rg7+ 1-0

[Event "FRA-chT4 0102"]
[Site "Champagne Ardenne"]
[Date "2001.11.18"]
[Round "2"]
[White "Becquart, Julien"]
[Black "Jeannette, Venceslas"]
[Result "0-1"]
[WhiteElo "2040"]
[BlackElo "1930"]
[PlyCount "72"]
[EventDate "2002.10.??"]
[EventType "team"]
[EventRounds "7"]
[EventCountry "FRA"]
[SourceTitle "EXT 2005"]
[Source "ChessBase"]
[SourceDate "2004.11.15"]
[SourceVersion "1"]
[SourceVersionDate "2004.11.15"]
[SourceQuality "1"]

1. e4 c5 2. Nf3 Nc6 3. d4 cxd4 4. Nxd4 Nf6 5. Nc3 e5 6. Ndb5 d6 7. Bg5 a6 8. Bxf6 gxf6 9. Na3 b5 10. Nd5 Bg7 11. c3 f5 12. Bd3 f4 13. g3 fxg3 14. hxg3 Bb7 15. Nc2 Ne7 16. Nce3 Nxd5 17. exd5 h6 18. Qg4 Qg5 19. Qb4 0-0 20. Rh4 f5 21. Qxd6 e4 22. Qe6+ Kh8 23. Be2 Rae8 24. Qb6 Qe7 25. 0-0-0 Rc8 26. Rh5 Rf6 27. d6 Qe5 28. Qxb7 Rxc3+ 29. bxc3 Qxc3+ 30. Nc2 Rf8 31. Qc7 Qb2+ 32. Kd2 b4 33. Ke1 f4 34. gxf4 Rxf4 35. d7 Kh7 36. Qxf4 Qxc2 0-1

[Event "FRA-chT4 0001"]
[Site "Champagne Ardenne"]
[Date "2001.02.04"]
[Round "5"]
[White "Jeannette, Venceslas"]
[Black "Djellouli, Hassine"]
[Result "0-1"]
[WhiteElo "1900"]
[BlackElo "1950"]
[PlyCount "72"]
[EventDate "2001.10.??"]
[EventType "team"]
[EventRounds "7"]
[EventCountry "FRA"]
[SourceTitle "EXT 2005"]
[Source "ChessBase"]
[SourceDate "2004.11.15"]
[SourceVersion "1"]
[SourceVersionDate "2004.11.15"]
[SourceQuality "1"]

1. e4 e6 2. d4 d5 3. Nd2 Nf6 4. e5 Nfd7 5. f4 c5 6. c3 Nc6 7. Ndf3 Qb6 8. Ne2 cxd4 9. Nexd4 Bc5 10. Be2 0-0 11. b4 Nxd4 12. Nxd4 Be7 13. Be3 Qd8 14. 0-0 Nb6 15. Qb3 Bd7 16. a4 Rc8 17. Rf3 Nc4 18. Qc2 Bxb4 19. Rh3 g6 20. Bf2 Be7 21. Bd3 Bc5 22. Qc1 f5 23. Bxc4 Bxd4 24. Bxd4 Rxc4 25. a5 a6 26. Qb2 Bb5 27. Qa3 Ra4 28. Qb2 Qxa5 29. Rxa4 Qxa4 30. Qb4 Qd1+ 31. Kf2 Qe2+ 32. Kg3 Qg4+ 33. Kf2 Qxf4+ 34. Rf3 Qh4+ 35. Kg1 Qe1+ 36. Rf1 Qxf1# 0-1